[Event "Olimpiade 2024 - Donne"]
[Site "Budapest"]
[Date "21.09.2024"]
[Round "10.24"]
[Board "2"]
[White "Contreras Huaman, Fiorella"]
[Black "Miranda Rodriguez, Tania"]
[Result "1/2-1/2"]
[WhiteTitle "WIM"]
[BlackTitle "WIM"]
[WhiteElo "2168"]
[BlackElo "2090"]
[WhiteTeam "Peru"]
[BlackTeam "Mexico"]
[WhiteFideId "3824675"]
[BlackFideId "3510417"]
[EventDate "2024.09.11"]

1. e4 c5 2. Nc3 d6 3. g3 Nc6 4. Bg2 g6 5. d3 Bg7 6. Nge2 Nf6 7. O-O O-O 8. h3
Rb8 9. f4 Nd7 10. g4 b5 11. Ng3 b4 12. Nce2 Ba6 13. f5 Qb6 14. Nf4 c4+ 15. Kh1
Be5 16. Nge2 cxd3 17. Nxd3 Bg7 18. Nef4 Nde5 19. Nd5 Qd8 20. Bg5 h6 21. Bxe7
Nxe7 22. f6 Nxd5 23. fxg7 Kxg7 24. exd5 Bxd3 25. cxd3 Qb6 26. Qd2 Qd4 27. Rad1
g5 28. Be4 Ng6 29. Qg2 Rbc8 30. Rde1 Ne5 31. Rd1 Rc7 32. Rd2 Rfc8 33. Bf5 Rb8
34. Rdf2 b3 35. a3 Rc2 36. Qe4 Qxb2 37. Kg2 Qxa3 38. d4 Nc4 39. Be6 f6 40. Bf7
Kxf7 41. Qe6+ Kg7 42. Qxf6+ Kh7 43. Qe7+ Kh8 44. Qe6 Qb2 45. Qxh6+ Kg8 46. Qxg5+
Kh8 47. Qh6+ Kg8 48. Qe6+ Kh8 49. Qf6+ Kg8 50. Qg6+ Kh8 51. Qh6+ Kg8 52. Qg6+
Kh8 53. Qh6+ 1/2-1/2

[Event "Olimpiade 2024 - Donne"]
[Site "Budapest"]
[Date "21.09.2024"]
[Round "10.24"]
[Board "3"]
[White "Mendez Tovar, Yessica Yissel"]
[Black "Garcia Andrada, Heidy Nicole"]
[Result "1/2-1/2"]
[WhiteTitle "WIM"]
[BlackTitle "WIM"]
[WhiteElo "2004"]
[BlackElo "2003"]
[WhiteTeam "Mexico"]
[BlackTeam "Peru"]
[WhiteFideId "5113580"]
[BlackFideId "3831779"]
[EventDate "2024.09.11"]

1. e4 c5 2. Nf3 Nc6 3. Nc3 e6 4. d4 cxd4 5. Nxd4 Qc7 6. Be3 a6 7. Qf3 Nf6 8.
O-O-O d6 9. Qg3 b5 10. Nxc6 Qxc6 11. e5 dxe5 12. Qxe5 Nd7 13. Qg3 Bb7 14. Ne2
Rc8 15. Nd4 Qe4 16. Rg1 Qg6 17. Qxg6 hxg6 18. h3 Be7 19. Be2 Ne5 20. Kb1 g5 21.
Nb3 Ng6 22. Na5 Bd5 23. g3 Be4 24. Bd3 Bxd3 25. Rxd3 Rxh3 26. Nb7 Rc6 27. Rgd1
f6 28. Nd8 Rc8 29. Nxe6 Kf7 30. Nd4 Ne5 31. Rb3 g6 32. a3 Rc4 33. Ne2 Ng4 34.
Rd7 Rh1+ 35. Ka2 Rxc2 36. Nd4 Rc4 37. Ra7 Ke8 38. Rxa6 Nxe3 39. fxe3 b4 40. Nc6
Rcc1 41. Rd3 bxa3 42. bxa3 Rhg1 43. Nxe7 Rg2+ 44. Kb3 Kxe7 45. Rdd6 Rf2 46. Re6+
Kf7 47. a4 Rf3 48. Kb4 g4 49. a5 Rb1+ 50. Kc4 Rc1+ 51. Kd4 Rd1+ 52. Kc4 Rc1+ 53.
Kd3 Ra1 54. Kc4 Rc1+ 55. Kd4 Rd1+ 1/2-1/2

[Event "Olimpiade 2024 - Donne"]
[Site "Budapest"]
[Date "21.09.2024"]
[Round "10.24"]
[Board "4"]
[White "Hilario, Aleyla"]
[Black "Padilla Garcia, Cecilia Xasive"]
[Result "1-0"]
[WhiteTitle "WIM"]
[WhiteElo "1993"]
[BlackElo "1954"]
[WhiteTeam "Peru"]
[BlackTeam "Mexico"]
[WhiteFideId "3819400"]
[BlackFideId "5108373"]
[EventDate "2024.09.11"]

1. Nf3 Nf6 2. b3 d6 3. d4 g6 4. Bb2 Bg7 5. g3 Bg4 6. Bg2 Qc8 7. h3 Bxf3 8. exf3
d5 9. O-O O-O 10. f4 Ne4 11. c4 e6 12. Qc2 f5 13. Nd2 Nxd2 14. Qxd2 c6 15. Rfe1
Na6 16. Qe2 Nc7 17. Rad1 Qd7 18. a4 a6 19. Ba3 Rfe8 20. Bc5 b5 21. a5 Rab8 22.
Ba7 Rb7 23. Bb6 Na8 24. cxb5 cxb5 25. Bc5 Kf7 26. Rc1 Rc8 27. Rc3 Rbc7 28. Re3
Rc6 29. g4 Re8 30. gxf5 gxf5 31. Qh5+ Kg8 32. Bxd5 Nc7 33. Bxc6 Qxc6 34. Rg3 Kh8
35. Qf7 Rg8 36. Bf8 Ne8 37. Rxe6 Qc1+ 38. Kg2 Rxf8 39. Rxe8 Qc6+ 40. d5 Qd6 41.
Qxg7# 1-0

[Event "Olimpiade 2024 - Donne"]
[Site "Budapest"]
[Date "21.09.2024"]
[Round "10.25"]
[Board "1"]
[White "Unuk, Laura"]
[Black "Shuqja, Klean"]
[Result "1-0"]
[WhiteTitle "IM"]
[BlackTitle "WFM"]
[WhiteElo "2316"]
[BlackElo "2042"]
[WhiteTeam "Slovenia"]
[BlackTeam "Albania"]
[WhiteFideId "14609215"]
[BlackFideId "4701585"]
[EventDate "2024.09.11"]

1. Nf3 Nf6 2. g3 e6 3. Bg2 d5 4. O-O Be7 5. d4 O-O 6. c4 b6 7. b3 Bb7 8. Bb2
Nbd7 9. Nc3 c6 10. Qc2 Rc8 11. Rfd1 Qc7 12. Rac1 Qb8 13. e4 Nxe4 14. Nxe4 dxe4
15. Qxe4 Rfe8 16. c5 Nf6 17. Qe2 Nd5 18. h4 h6 19. Bf1 b5 20. Ne5 Nf6 21. Qf3 h5
22. Rc2 g6 23. Bc1 Kg7 24. Bf4 Qa8 25. Bg5 Rcd8 26. Qf4 Rh8 27. Rd3 Rdf8 28.
Bxf6+ Bxf6 29. Nd7 Qd8 30. Nxf8 Rxf8 31. b4 Qb8 32. Qe4 Rd8 33. Bg2 Qc7 34. Rcd2
Rd7 35. g4 hxg4 36. Qxg4 Rd8 37. h5 Bc8 38. hxg6 e5 39. Qe4 fxg6 40. dxe5 1-0

[Event "Olimpiade 2024 - Donne"]
[Site "Budapest"]
[Date "21.09.2024"]
[Round "10.25"]
[Board "2"]
[White "Geske, Bruna"]
[Black "Urh, Zala"]
[Result "1/2-1/2"]
[WhiteTitle "WFM"]
[BlackTitle "WIM"]
[WhiteElo "2023"]
[BlackElo "2251"]
[WhiteTeam "Albania"]
[BlackTeam "Slovenia"]
[WhiteFideId "4701100"]
[BlackFideId "14611481"]
[EventDate "2024.09.11"]

1. e4 c5 2. Nf3 e6 3. c3 d5 4. exd5 Qxd5 5. Na3 a6 6. d4 Nf6 7. Nc4 Nbd7 8. Be3
b5 9. Na5 cxd4 10. Qxd4 Bc5 11. Qxd5 Nxd5 12. Bxc5 Nxc5 13. Ne5 Nb7 14. Nb3 f6
15. Nd3 Ke7 16. Ndc5 Nxc5 17. Nxc5 Kd6 18. Nd3 Bb7 19. O-O-O Rhc8 20. Nb4 Kc5
21. Nxd5 Bxd5 22. b3 Rc7 23. f3 a5 24. Kb2 a4 25. b4+ Kb6 26. a3 Rac8 27. Rd3
Rc6 28. Re3 Bb3 29. Rd3 e5 30. g3 Be6 31. g4 Bc4 32. Re3 Bxf1 33. Rxf1 Rd6 34.
Rf2 Rcd8 35. Kc2 Rd1 36. f4 exf4 37. Re6+ R8d6 38. Rxd6+ Rxd6 39. Rxf4 Rd5 40.
c4 bxc4 41. Rxc4 h5 42. h3 hxg4 43. hxg4 f5 44. Rf4 fxg4 45. Rxg4 g5 46. Kc3 Kb5
47. Rg3 Rf5 1/2-1/2

[Event "Olimpiade 2024 - Donne"]
[Site "Budapest"]
[Date "21.09.2024"]
[Round "10.25"]
[Board "3"]
[White "Janzelj, Lara"]
[Black "Shabanaj, Eglantina"]
[Result "1-0"]
[WhiteTitle "WIM"]
[BlackTitle "WCM"]
[WhiteElo "2193"]
[BlackElo "1957"]
[WhiteTeam "Slovenia"]
[BlackTeam "Albania"]
[WhiteFideId "14608391"]
[BlackFideId "4700562"]
[EventDate "2024.09.11"]

1. d4 d5 2. c4 e6 3. Nf3 Nf6 4. g3 c6 5. Qc2 Nbd7 6. Bg2 Be7 7. O-O O-O 8. Rd1
b6 9. b3 Bb7 10. Nc3 Rc8 11. e4 dxe4 12. Ng5 h6 13. Ngxe4 Nxe4 14. Nxe4 Nf6 15.
c5 Nd5 16. a3 f5 17. Nd2 bxc5 18. dxc5 Qa5 19. b4 Qa6 20. Bf1 Nxb4 21. axb4 Qxa1
22. Bb2 Qxd1 23. Qxd1 Rcd8 24. Bc4 Bc8 25. Qe2 Kh8 26. Bxe6 Bg5 27. Nf3 Bf6 28.
Bxf6 Rxf6 29. Bxc8 Rxc8 30. Ne5 Kh7 31. Qd3 Re8 32. f4 Re7 33. h4 Rb7 34. Qd8
Re6 35. h5 Rbe7 36. Kg2 Re8 37. Qd3 Rf6 38. Qd7 Rb8 39. Nxc6 Rbf8 40. Ne5 Rb8
41. c6 1-0

[Event "Olimpiade 2024 - Donne"]
[Site "Budapest"]
[Date "21.09.2024"]
[Round "10.25"]
[Board "4"]
[White "Omeri, Eklea"]
[Black "Mihelic, Vesna"]
[Result "0-1"]
[WhiteTitle "WCM"]
[BlackTitle "WFM"]
[WhiteElo "1962"]
[BlackElo "2069"]
[WhiteTeam "Albania"]
[BlackTeam "Slovenia"]
[WhiteFideId "4703804"]
[BlackFideId "14625520"]
[EventDate "2024.09.11"]

1. d4 d5 2. c4 e6 3. Nc3 Nf6 4. cxd5 exd5 5. Bg5 Nbd7 6. e3 c6 7. Bd3 Be7 8. Qc2
h6 9. Bh4 O-O 10. Nge2 Re8 11. f3 b5 12. a3 a5 13. O-O Ba6 14. Bf2 Qb6 15. e4
dxe4 16. Nxe4 Nd5 17. Nc5 Nxc5 18. dxc5 Qc7 19. Rfe1 Bg5 20. Be4 Ne3 21. Qc3 b4
22. axb4 axb4 23. Qb3 Bxe2 24. Rxa8 Rxa8 25. Rxe2 Ra1+ 26. Re1 Qa5 27. Bg6 Rxe1+
28. Bxe1 Nd5 29. Bc2 Qxc5+ 30. Kh1 Nf4 31. h4 Ne2 32. Bh7+ Kh8 33. Kh2 Qg1+ 34.
Kh3 Qxe1 0-1

[Event "Olimpiade 2024 - Donne"]
[Site "Budapest"]
[Date "21.09.2024"]
[Round "10.26"]
[Board "1"]
[White "Lakos, Nikoletta"]
[Black "Varela La Madrid, Tilsia Carolina"]
[Result "1-0"]
[WhiteTitle "WGM"]
[BlackTitle "WIM"]
[WhiteElo "2192"]
[BlackElo "2017"]
[WhiteTeam "Hungary B"]
[BlackTeam "Venezuela"]
[WhiteFideId "705128"]
[BlackFideId "3903001"]
[EventDate "2024.09.11"]

1. e4 e5 2. Nf3 Nc6 3. Nc3 Nf6 4. d4 exd4 5. Nxd4 Bb4 6. Nxc6 bxc6 7. Bd3 d5 8.
Bd2 dxe4 9. Nxe4 Bxd2+ 10. Qxd2 Nxe4 11. Bxe4 Qxd2+ 12. Kxd2 Bb7 13. Kc3 O-O-O
14. Rhe1 g6 15. g3 Rd6 16. Bd3 Kd7 17. b4 Re8 18. Rxe8 Kxe8 19. Re1+ Kd7 20. Bc4
Rf6 21. f4 Rf5 22. Re5 Rxe5 23. fxe5 Ke7 24. Kd4 f6 25. a4 fxe5+ 26. Kxe5 Bc8
27. Bd3 Bd7 28. a5 Be6 29. Be4 Bd7 30. h4 Be8 31. h5 gxh5 32. Bxh7 Kf7 33. c3
Kg7 34. Be4 Kh6 35. Kf6 c5 36. bxc5 Bb5 37. c6 Be2 38. Bd5 Bb5 39. Bf3 Ba4 40.
Ke7 1-0

[Event "Olimpiade 2024 - Donne"]
[Site "Budapest"]
[Date "21.09.2024"]
[Round "10.26"]
[Board "2"]
[White "Rovira Contreras, Tairu Manuela"]
[Black "Karacsonyi, Kata"]
[Result "0-1"]
[WhiteTitle "WIM"]
[BlackTitle "WFM"]
[WhiteElo "2022"]
[BlackElo "2233"]
[WhiteTeam "Venezuela"]
[BlackTeam "Hungary B"]
[WhiteFideId "3900533"]
[BlackFideId "769584"]
[EventDate "2024.09.11"]

1. d4 Nf6 2. c4 e6 3. Nf3 d5 4. Nc3 dxc4 5. e4 b5 6. e5 Nd5 7. Nxb5 Nb6 8. Be3
Nc6 9. Nc3 Be7 10. Be2 O-O 11. O-O a5 12. Na4 Ba6 13. a3 Qd7 14. Rc1 Nxa4 15.
Qxa4 Nxe5 16. Qxd7 Nxd7 17. Bxc4 Bxc4 18. Rxc4 Bd6 19. Rc2 Rfb8 20. g3 Rb5 21.
Rd1 Rab8 22. Bc1 Rb3 23. Kg2 h6 24. Ne5 Nxe5 25. dxe5 Bxe5 26. Rc5 R8b5 27. Rd8+
Kh7 28. Rc4 Bxb2 29. a4 Rd5 30. Rf8 Bxc1 31. Rxc1 Rf5 32. f4 Rb2+ 33. Kf3 Rb3+
34. Kg2 g5 35. Rxc7 Kg7 36. Ra8 gxf4 37. gxf4 Rb4 38. Rc3 Rxa4 39. Kg3 h5 40.
Rf3 Ra2 41. Ra7 Kf6 42. h3 Kg6 43. Ra8 Rb5 44. Kh4 a4 45. Rg3+ Kf6 46. Rh8 Rf2
47. Rh6+ Ke7 48. Rg5 Rxf4+ 49. Kxh5 Rxg5+ 50. Kxg5 Rf5+ 51. Kg4 a3 0-1

[Event "Olimpiade 2024 - Donne"]
[Site "Budapest"]
[Date "21.09.2024"]
[Round "10.26"]
[Board "3"]
[White "Demeter, Dorina"]
[Black "Perez Hernandez, Vicmary C."]
[Result "1-0"]
[WhiteTitle "WIM"]
[BlackTitle "WFM"]
[WhiteElo "2199"]
[BlackElo "1960"]
[WhiteTeam "Hungary B"]
[BlackTeam "Venezuela"]
[WhiteFideId "778079"]
[BlackFideId "3930831"]
[EventDate "2024.09.11"]

1. Nf3 Nf6 2. g3 g6 3. Bg2 Bg7 4. O-O O-O 5. d4 d6 6. Nc3 Nc6 7. Bf4 Nd7 8. Qd2
e5 9. Bg5 f6 10. Bh6 exd4 11. Nb5 Nde5 12. Nfxd4 Qe7 13. Bxg7 Kxg7 14. Nxc6 Nxc6
15. Qc3 a6 16. Nd4 Nxd4 17. Qxd4 Rb8 18. e4 Bd7 19. f4 Bc6 20. Rae1 Rbe8 21. Re3
Qf7 22. a4 Kg8 23. Rfe1 Re7 24. Bf1 Bd7 25. Qb4 Qe8 26. Qxb7 Bxa4 27. Qxa6 Bc6
28. Qa5 Qd7 29. Bc4+ Kg7 30. Qc3 Ba8 31. Bd5 Bxd5 32. exd5 Rfe8 33. Qc6 Qxc6 34.
Rxe7+ Rxe7 35. Rxe7+ Kf8 36. dxc6 Kxe7 37. Kf2 d5 38. Ke3 Kd6 39. Kd4 Kxc6 40.
g4 Kd6 41. b4 c6 42. f5 gxf5 43. gxf5 h6 44. h3 h5 45. h4 Kd7 46. Kc5 Kc7 47. c3
Kd7 48. b5 cxb5 49. Kxd5 1-0

[Event "Olimpiade 2024 - Donne"]
[Site "Budapest"]
[Date "21.09.2024"]
[Round "10.26"]
[Board "4"]
[White "Pena Gonzalez, Clara Isabel"]
[Black "Terbe, Zsuzsanna"]
[Result "0-1"]
[WhiteTitle "WCM"]
[BlackTitle "WIM"]
[WhiteElo "1895"]
[BlackElo "2168"]
[WhiteTeam "Venezuela"]
[BlackTeam "Hungary B"]
[WhiteFideId "3924203"]
[BlackFideId "708801"]
[EventDate "2024.09.11"]

1. e4 e5 2. Nf3 Nc6 3. Bb5 a6 4. Ba4 Nf6 5. O-O b5 6. Bb3 Bc5 7. d3 d6 8. c3 h6
9. h3 O-O 10. Re1 Re8 11. Nbd2 Bb6 12. a4 Rb8 13. Nf1 Ne7 14. Nh4 d5 15. Qf3 Qd6
16. Ne3 Be6 17. exd5 Nfxd5 18. Ng4 Bxg4 19. hxg4 Qf6 20. Nf5 Nxf5 21. Bxd5 Ne7
22. Qxf6 gxf6 23. Be4 Kg7 24. a5 Ba7 25. b4 Red8 26. Bd2 c6 27. g3 Rb7 28. Kg2
Rc7 29. Rh1 Ng8 30. Rh5 c5 31. bxc5 Bxc5 32. Rah1 Ba7 33. f4 Re8 34. g5 hxg5 35.
fxg5 Bc5 36. Rh7+ Kf8 37. g6 Bd6 38. gxf7 Rxf7 39. Bg6 Rxh7 40. Rxh7 Re7 41.
Rxe7 Kxe7 42. Be4 Kd7 43. Bb7 Ne7 44. Bxa6 Kc6 45. Kf3 f5 46. c4 b4 47. Bb5+ Kc7
48. a6 Nc6 49. Bxc6 Kxc6 50. g4 fxg4+ 51. Kxg4 Bc5 52. Kf5 b3 53. Bc1 Bd4 54.
Ke6 Kb6 55. c5+ Bxc5 56. Kxe5 Kxa6 57. Kd5 Kb5 58. Bb2 Kb4 59. Kc6 Bf8 60. Kd5
Bh6 61. Ke4 Bd2 62. d4 Bc3 63. Bc1 Kc4 64. d5 Bb4 65. Bb2 Bd6 66. Bc1 Kc3 67.
Be3 Kc2 68. Bd4 Bb4 69. Bg7 Bc3 70. Bxc3 Kxc3 71. d6 b2 72. Ke5 b1=Q 73. Ke6
Qe4+ 74. Kf7 Qd5+ 75. Ke7 Qe5+ 76. Kd7 Kc4 0-1

[Event "Olimpiade 2024 - Donne"]
[Site "Budapest"]
[Date "21.09.2024"]
[Round "10.27"]
[Board "1"]
[White "Nassr, Lina"]
[Black "Cvitan, Ena"]
[Result "0-1"]
[WhiteTitle "WIM"]
[BlackTitle "FM"]
[WhiteElo "2010"]
[BlackElo "2259"]
[WhiteTeam "Algeria"]
[BlackTeam "Croatia"]
[WhiteFideId "7908075"]
[BlackFideId "14534215"]
[EventDate "2024.09.11"]

1. e4 c6 2. Nf3 d5 3. exd5 cxd5 4. Ne5 a6 5. d4 Nc6 6. c4 Nf6 7. Nxc6 bxc6 8.
Nd2 g6 9. Qa4 Bd7 10. c5 Bg7 11. Bd3 O-O 12. O-O Qc7 13. Nf3 Nh5 14. Re1 Rfe8
15. Ne5 f6 16. Nxd7 Qxd7 17. Be3 e5 18. Rad1 Qb7 19. Bf1 Bf8 20. g4 Ng7 21. g5
fxg5 22. Bxg5 Ne6 23. Rxe5 Bg7 24. Be3 Bxe5 25. dxe5 a5 26. Bh3 Rac8 27. Qh4 Qe7
28. Qa4 Qc7 29. f4 Rb8 30. Qc2 Rb4 31. Bxe6+ Rxe6 32. Bd4 Qf7 33. Qd2 Qf5 34.
Re1 g5 35. a3 Rc4 36. Bc3 gxf4 37. Kh1 Kf7 38. Qf2 Rxc3 39. bxc3 Rxe5 40. Rxe5
Qxe5 41. Qh4 Qe4+ 42. Kg1 f3 43. Qg3 Qb1+ 44. Kf2 Qc2+ 45. Kf1 Qd3+ 46. Kf2 Qe2+
47. Kg1 Qe3+ 48. Kf1 Qxc5 49. Qxf3+ Ke7 50. Qe2+ Kd8 51. Qe5 Qxa3 52. Qb8+ Kd7
53. Qb7+ Kd6 54. Qb8+ Ke6 55. Qe8+ Qe7 56. Qxc6+ Ke5 57. Qa4 Kf5 58. Qxa5 Qe4
59. Qc5 Qh1+ 60. Ke2 Qxh2+ 61. Kd3 Qg3+ 62. Kd2 Qf4+ 63. Kd1 Qf3+ 64. Kd2 Kg4
65. Qg1+ Kh3 66. Qa7 h5 67. Qd7+ Kg2 68. Qg7+ Kf2 69. Qd4+ Kf1 70. Qe5 Kf2 71.
Qh2+ Kf1 72. Qe5 Kg2 73. Qg5+ Kh3 74. Qh6 h4 75. Kc2 Qe4+ 76. Kd2 Kg3 77. Qg5+
Kh2 78. Qg7 h3 79. Qh6 Qg2+ 80. Ke1 Qf3 81. Qd2+ Kh1 82. Qd4 Qe4+ 83. Kf1 Qg2+
84. Ke1 Qg1+ 85. Ke2 Qxd4 86. cxd4 Kg2 0-1

[Event "Olimpiade 2024 - Donne"]
[Site "Budapest"]
[Date "21.09.2024"]
[Round "10.27"]
[Board "2"]
[White "Berke, Ana"]
[Black "Latreche, Sabrina"]
[Result "1-0"]
[WhiteTitle "WIM"]
[BlackTitle "WIM"]
[WhiteElo "2093"]
[BlackElo "2030"]
[WhiteTeam "Croatia"]
[BlackTeam "Algeria"]
[WhiteFideId "14510359"]
[BlackFideId "7901798"]
[EventDate "2024.09.11"]

1. e4 e5 2. Nf3 Nc6 3. Bb5 Nge7 4. Nc3 g6 5. d4 exd4 6. Nd5 Nxd5 7. exd5 Qe7+ 8.
Kf1 Qc5 9. Qe2+ Ne7 10. Bg5 c6 11. Bf6 Rg8 12. Bc4 Bg7 13. Bh4 Rf8 14. Re1 f6
15. Nxd4 cxd5 16. Bxd5 Rf7 17. Bxf7+ Kxf7 18. Bg3 Qxd4 19. Qxe7+ Kg8 20. Bd6 h5
21. h4 b6 22. Kg1 Qxb2 23. Qe4 Qc3 24. Rh3 Qc6 25. Qe8+ Kh7 26. Rg3 Qxc2 27. Re7
Bb7 28. Qxd7 Rg8 29. Bf4 Bc8 30. Qd3 Qxd3 31. Rxd3 g5 32. hxg5 fxg5 33. Be5 Bf5
34. Rc3 Kh8 35. Rxg7 1-0

[Event "Olimpiade 2024 - Donne"]
[Site "Budapest"]
[Date "21.09.2024"]
[Round "10.27"]
[Board "3"]
[White "Abdi, Zineb Dina"]
[Black "Ivekovic, Tihana"]
[Result "0-1"]
[WhiteTitle "WIM"]
[BlackTitle "WFM"]
[WhiteElo "1915"]
[BlackElo "2143"]
[WhiteTeam "Algeria"]
[BlackTeam "Croatia"]
[WhiteFideId "7900880"]
[BlackFideId "14517825"]
[EventDate "2024.09.11"]

1. e4 e5 2. Nf3 Nc6 3. Bc4 Nf6 4. d3 Bc5 5. c3 d6 6. Nbd2 a6 7. Bb3 Ba7 8. Nf1
h6 9. Ng3 Be6 10. O-O O-O 11. h3 Re8 12. Qe2 d5 13. Kh2 Na5 14. Bc2 dxe4 15.
Nxe4 Nxe4 16. Qxe4 Bd5 17. Qe2 e4 18. Nd4 exd3 19. Qxd3 Be4 20. Qd1 Bxd4 21.
cxd4 Nc6 22. Be3 Qd6+ 23. Kg1 Rad8 24. Bxe4 Rxe4 25. Qf3 Qe6 26. Rfd1 Ne7 27.
Rd3 Nd5 28. a3 f5 29. Rad1 g5 30. Bd2 Qg6 31. Rc1 c6 32. Qd1 Rde8 33. b4 h5 34.
Qf3 h4 35. g3 g4 36. Qg2 gxh3 37. Qxh3 Rg4 38. Kh2 Re2 39. Qf1 hxg3+ 40. Rxg3
Rxd2 41. Qe1 Rxg3 42. Qxd2 Rg4 0-1

[Event "Olimpiade 2024 - Donne"]
[Site "Budapest"]
[Date "21.09.2024"]
[Round "10.27"]
[Board "4"]
[White "Vujnovic, Patricija"]
[Black "Nassr, Rania"]
[Result "1-0"]
[WhiteTitle "WFM"]
[BlackTitle "WFM"]
[WhiteElo "2134"]
[BlackElo "1866"]
[WhiteTeam "Croatia"]
[BlackTeam "Algeria"]
[WhiteFideId "14502313"]
[BlackFideId "7901461"]
[EventDate "2024.09.11"]

1. d4 Nf6 2. c4 e6 3. Nc3 d5 4. cxd5 exd5 5. g3 Be7 6. Bg2 O-O 7. Nf3 c6 8. O-O
b5 9. Ne5 Bb7 10. Bf4 Nbd7 11. Rc1 Nxe5 12. Bxe5 Qd7 13. Qd3 Rad8 14. a3 Ne8 15.
e4 dxe4 16. Bxe4 f5 17. Bg2 Bf6 18. Qe2 Nc7 19. Bxc7 Qxc7 20. Nd5 Qd7 21. Nxf6+
Rxf6 22. Rfd1 a6 23. Qe5 Rd6 24. b4 g6 25. Bf3 Qg7 26. Qc5 Qd7 27. Kg2 Kf7 28.
h4 h5 29. Rc3 Re8 30. Rcd3 Rd8 31. Re3 Re8 32. Rxe8 Kxe8 33. Re1+ Re6 34. Re5
Kf7 35. Kh2 Qe7 36. Qb6 Rxe5 37. dxe5 Qd7 38. Qa7 Bc8 39. Qe3 Kg7 40. Qg5 Qe6
41. Bxh5 Kf7 42. Bf3 Qxe5 43. h5 gxh5 44. Bxh5+ Ke6 45. Qd8 Bd7 46. Bf7+ Kxf7
47. Qxd7+ Kf6 48. Qxc6+ Kg5 49. f4+ 1-0

[Event "Olimpiade 2024 - Donne"]
[Site "Budapest"]
[Date "21.09.2024"]
[Round "10.28"]
[Board "1"]
[White "Gomez Barrera, Javiera Belen"]
[Black "Movsesian, Julia"]
[Result "1/2-1/2"]
[WhiteTitle "WIM"]
[BlackTitle "WGM"]
[WhiteElo "2123"]
[BlackElo "2198"]
[WhiteTeam "Chile"]
[BlackTeam "Czech Republic"]
[WhiteFideId "3418723"]
[BlackFideId "4139690"]
[EventDate "2024.09.11"]

1. e4 e5 2. Nf3 Nc6 3. Bc4 Nf6 4. d3 Bc5 5. O-O d6 6. c3 a6 7. a4 Ba7 8. Re1 O-O
9. h3 h6 10. b4 Re8 11. Nbd2 Be6 12. Bxe6 Rxe6 13. Qc2 Qd7 14. Rb1 d5 15. Nb3
Rd8 16. b5 axb5 17. axb5 Ne7 18. Ra1 Bb6 19. c4 dxc4 20. dxc4 Qd3 21. Qxd3 Rxd3
22. Na5 Bxa5 23. Rxa5 Nd7 24. Ra7 Rc3 25. Rxb7 Rxc4 26. Rd1 Nf6 27. Be3 Nxe4 28.
Rd7 Nd6 29. Rbxc7 Rxc7 30. Rxc7 Nxb5 31. Rc5 Nd4 32. Bxd4 exd4 33. Nxd4 1/2-1/2

[Event "Olimpiade 2024 - Donne"]
[Site "Budapest"]
[Date "21.09.2024"]
[Round "10.28"]
[Board "2"]
[White "Rodshtein, Tereza"]
[Black "Abarca Gonzalez, Damaris"]
[Result "1-0"]
[WhiteTitle "WGM"]
[BlackTitle "WFM"]
[WhiteElo "2149"]
[BlackElo "1991"]
[WhiteTeam "Czech Republic"]
[BlackTeam "Chile"]
[WhiteFideId "325449"]
[BlackFideId "3409414"]
[EventDate "2024.09.11"]

1. e4 c5 2. Nf3 Nc6 3. d4 cxd4 4. Nxd4 e5 5. Nb5 d6 6. c4 Be7 7. Bd3 a6 8. N5c3
Bg5 9. Nd5 Bxc1 10. Qxc1 Nge7 11. Ne3 Nd4 12. Nc3 O-O 13. O-O f5 14. exf5 Nexf5
15. f4 Be6 16. Nxf5 Bxf5 17. Qe3 Qb6 18. Bxf5 Rxf5 19. Nd5 Ne2+ 20. Kf2 Rxf4+
21. Nxf4 Qxe3+ 22. Kxe3 Nxf4 23. Rad1 Nxg2+ 24. Ke4 Rd8 25. Rf5 b5 26. cxb5 axb5
27. Rxe5 b4 28. Rb5 Rf8 29. Rxd6 h6 30. Rd2 Rf4+ 31. Kd3 Rg4 32. Kc2 Nf4 33.
Rxb4 Kf7 1-0

[Event "Olimpiade 2024 - Donne"]
[Site "Budapest"]
[Date "21.09.2024"]
[Round "10.28"]
[Board "3"]
[White "Jorquera Cabello, Valentina"]
[Black "Korenova, Martina"]
[Result "1-0"]
[WhiteTitle "WIM"]
[BlackTitle "WIM"]
[WhiteElo "1919"]
[BlackElo "2104"]
[WhiteTeam "Chile"]
[BlackTeam "Czech Republic"]
[WhiteFideId "3405494"]
[BlackFideId "302805"]
[EventDate "2024.09.11"]

1. e4 e5 2. Nf3 Nc6 3. Bc4 Bc5 4. c3 Nf6 5. d3 d6 6. Bb3 O-O 7. Nbd2 Qe7 8. O-O
Be6 9. Bc2 a5 10. h3 d5 11. Qe2 Nh5 12. d4 Nf4 13. Qe3 Ba7 14. Nxe5 Qg5 15. Ng4
Bxg4 16. hxg4 Qxg4 17. g3 Nh3+ 18. Kg2 Ng5 19. Rh1 Nxe4 20. Rh4 Qd7 21. Nxe4
dxe4 22. Qxe4 g6 23. Bg5 Rfe8 24. Qf3 f5 25. Bb3+ Kg7 26. Qf4 h5 27. Qf3 Rh8 28.
Re1 Rae8 29. Rxe8 Rxe8 30. g4 fxg4 31. Qf6+ Kh7 32. Rxh5+ 1-0

[Event "Olimpiade 2024 - Donne"]
[Site "Budapest"]
[Date "21.09.2024"]
[Round "10.28"]
[Board "4"]
[White "Novosadova, Kristyna"]
[Black "Morales Flores, Monserrat"]
[Result "1/2-1/2"]
[WhiteTitle "WIM"]
[BlackTitle "WCM"]
[WhiteElo "2066"]
[BlackElo "1938"]
[WhiteTeam "Czech Republic"]
[BlackTeam "Chile"]
[WhiteFideId "328065"]
[BlackFideId "3412016"]
[EventDate "2024.09.11"]

1. e4 c5 2. Nf3 e6 3. d4 cxd4 4. Nxd4 a6 5. Bd3 Bc5 6. Nb3 Ba7 7. Nc3 Nc6 8. Qe2
d6 9. Be3 b5 10. O-O-O b4 11. Nb1 Nge7 12. f4 a5 13. Bb5 Qc7 14. Bxa7 Rxa7 15.
Nd4 Bd7 16. Bxc6 Bxc6 17. Nb5 Bxb5 18. Qxb5+ Qd7 19. Qxd7+ Kxd7 20. Rd3 Rc8 21.
Rhd1 d5 22. c3 Ke8 23. e5 Rac7 24. Kd2 h5 25. g3 Nf5 26. b3 Ke7 27. Rc1 g6 28.
Rc2 Rc6 29. a3 R6c7 30. axb4 axb4 1/2-1/2

[Event "Olimpiade 2024 - Donne"]
[Site "Budapest"]
[Date "21.09.2024"]
[Round "10.29"]
[Board "1"]
[White "Paulo, Jemima"]
[Black "Skvortsova, Alena"]
[Result "0-1"]
[WhiteTitle "WFM"]
[BlackTitle "WFM"]
[WhiteElo "2037"]
[BlackElo "2179"]
[WhiteTeam "Angola"]
[BlackTeam "Montenegro"]
[WhiteFideId "10110836"]
[BlackFideId "24166251"]
[EventDate "2024.09.11"]

1. d4 d6 2. c4 g6 3. Nc3 Bg7 4. e4 e5 5. Nf3 exd4 6. Nxd4 Ne7 7. Be2 Nbc6 8. Be3
O-O 9. O-O f5 10. exf5 Bxd4 11. Bxd4 Nxf5 12. Be3 Nxe3 13. fxe3 Rxf1+ 14. Bxf1
Be6 15. b3 Ne5 16. Qd4 Qg5 17. Ne4 Qh4 18. Nf2 Qh5 19. Nd3 Rf8 20. Nf4 Qh4 21.
h3 Qg3 22. Kh1 Bxh3 23. Ne2 Rxf1+ 24. Rxf1 Qxg2# 0-1